书目信息 |
| 题名: |
新编大学语文教程
|
|
| 作者: | 彭在钦 , 胥陆华 , 陈果安 主编 | |
| 分册: | ||
| 出版信息: | 长沙 中南大学出版社 2005.08 |
|
| 页数: | 435页 | |
| 开本: | 26cm | |
| 丛书名: | ||
| 单 册: | ||
| 中图分类: | H1 | |
| 科图分类: | ||
| 主题词: | 语文--yu wen--高等学校--教材 | |
| 电子资源: | ||
| ISBN: | 7-81105-104-4 | |
| 000 | 00951nam0 2200253 450 | |
| 001 | 012006060739 | |
| 005 | 20060906111211.06 | |
| 010 | @a7-81105-104-4@dCNY35.00 | |
| 100 | @a20060610d2005 km y0chiy0120 ea | |
| 101 | 0 | @achi |
| 102 | @aCN@b430000 | |
| 105 | @aa z 000yy | |
| 200 | 1 | @a新编大学语文教程@Axin bian da xue yu wen jiao cheng@f陈果安, 彭在钦, 胥陆华主编@Fchen guo an,peng zai qin,xu lu hua zhu bian |
| 210 | @a长沙@c中南大学出版社@d2005.08 | |
| 215 | @a435页@c图@d26cm | |
| 300 | @a湖南10高校协作 | |
| 330 | @a本教材分“阅读与欣赏”和“表达与应用”上下两编。上编“阅读与欣赏”,分散文、诗歌、小说、戏剧、实用文等几个部分;下编“表达与应用”,精选日常常用文体,以解决学生日常应用问题。 | |
| 606 | 0 | @a语文@Ayu wen@x高等学校@j教材 |
| 690 | @aH1@v4 | |
| 701 | 0 | @a彭在钦@Apeng zai qin@4主编 |
| 701 | 0 | @a胥陆华@Axu lu hua@4主编 |
| 701 | 0 | @a陈果安@Achen guo an@4主编 |
| 801 | 0 | @aCN@bQSSK@c20060906 |
| 905 | @a10447@dH1@eC420 | |
| 新编大学语文教程/陈果安, 彭在钦, 胥陆华主编.-长沙:中南大学出版社,2005.08 |
| 435页:图;26cm |
| 湖南10高校协作 |
| ISBN 7-81105-104-4:CNY35.00 |
| 本教材分“阅读与欣赏”和“表达与应用”上下两编。上编“阅读与欣赏”,分散文、诗歌、小说、戏剧、实用文等几个部分;下编“表达与应用”,精选日常常用文体,以解决学生日常应用问题。 |
| ● |
| 相关链接 |
|
|
|
正题名:新编大学语文教程
索取号:H1/C420
 
预约/预借
| 序号 | 登录号 | 条形码 | 馆藏地/架位号 | 状态 | 备注 |
| 1 | 584911 | 205849117 | 语言库209/209语言库 69排1列1层/ [索取号:H1/C420] | 在馆 | |
| 2 | 584912 | 205849126 | 语言库209/209语言库 69排1列1层/ [索取号:H1/C420] | 在馆 | |
| 3 | 584913 | 205849135 | 语言库209/209语言库 69排1列1层/ [索取号:H1/C420] | 在馆 |